| 000 | 00381nam a22001337a 4500 | ||
|---|---|---|---|
| 020 | _a978-81-7812-860-3 | ||
| 082 |
_a06.067(079)AGS _bSIN |
||
| 100 | _aSINGH, Birendra Bahadur | ||
| 245 | _aR. Gupta's Objective agriculture science | ||
| 260 |
_aNew Delhi _bRamesh Publishing House _c2015 |
||
| 300 | _a260p. | ||
| 650 |
_aCompetitive exam text _aAgriculture Exam text |
||
| 942 | _cBK | ||
| 999 |
_c75203 _d75203 |
||